000 00415nam a2200181Ia 4500
001 19513
005 20260306172658.0
008 260306t2010||||xx |||||||||||||| ||spa||
041 _aESP
082 _a340.1
_bD296
100 _aDworkin, Ronald
_eAUT
245 0 _aLos derechos en serio
260 _c2010
300 _a508 páginas :
_c21 cm.
650 _aGEN
654 _aCDE
942 _cLIB
_dJUS
_fJUS
_2ddc
_n
999 _c19513
_d19513